PRACTICAL PHYSIOLOGY (Record no. 12322)

MARC details
000 -LEADER
fixed length control field 00373nam a22001577a 4500
003 - CONTROL NUMBER IDENTIFIER
control field OSt
008 - FIXED-LENGTH DATA ELEMENTS--GENERAL INFORMATION
fixed length control field 240327b |||||||| |||| 00| 0 eng d
020 ## - INTERNATIONAL STANDARD BOOK NUMBER
International Standard Book Number 9789386150349
082 ## - DEWEY DECIMAL CLASSIFICATION NUMBER
Classification number 612 GEP
100 ## - MAIN ENTRY--PERSONAL NAME
Personal name GEETHA, N
245 ## - TITLE STATEMENT
Title PRACTICAL PHYSIOLOGY
260 ## - PUBLICATION, DISTRIBUTION, ETC. (IMPRINT)
Place of publication, distribution, etc New Delhi
Name of publisher, distributor, etc JAYPEE
Date of publication, distribution, etc 2017
300 ## - PHYSICAL DESCRIPTION
Extent xi,393
650 ## - SUBJECT ADDED ENTRY--TOPICAL TERM
Topical term or geographic name as entry element HUMAN ANATOMY AND PHYSIOLOGY
942 ## - ADDED ENTRY ELEMENTS (KOHA)
Source of classification or shelving scheme Dewey Decimal Classification
Koha item type Text Books
Holdings
Withdrawn status Lost status Source of classification or shelving scheme Damaged status Not for loan Collection code Home library Current library Date acquired Source of acquisition Currency Cost, normal purchase price Bill Number Total Checkouts Full call number Acc. no. / Barcode Date last seen Actual Cost, discounted price Bill Date Koha item type Checked out Date last borrowed
    Dewey Decimal Classification     B.Pharma PIET C-LIBRARY PIET C-LIBRARY 27/03/2024 ZAFAA BOOKS RUPEES 825.00 ZBDO406   612 GEP BP2390 27/03/2024 577.50 07/03/2024 Reference Books    
    Dewey Decimal Classification     B.Pharma PIET C-LIBRARY PIET C-LIBRARY 27/03/2024 ZAFAA BOOKS RUPEES 825.00 ZBDO406 1 612 GEP BP2391 14/04/2026 577.50 07/03/2024 Text Books 02/11/2026 14/04/2026

Design & Developed by: PIET Central Library
R70 Miles Stone Pattikalyana Samalkha Panipat 132102
mail ID :- [email protected], Phone No:- 0180-2569700 Ex.216